<?xml version="1.0" encoding="UTF-8"?>
<record
    xmlns:xsi="http://www.w3.org/2001/XMLSchema-instance"
    xsi:schemaLocation="http://www.loc.gov/MARC21/slim http://www.loc.gov/standards/marcxml/schema/MARC21slim.xsd"
    xmlns="http://www.loc.gov/MARC21/slim">

  <leader>01876    a2200301   4500</leader>
  <controlfield tag="001">49891</controlfield>
  <controlfield tag="005">20260407155759.0</controlfield>
  <controlfield tag="008">260407a1996    arg                 spa d</controlfield>
  <controlfield tag="003">AR-UNSa-BCEJYS</controlfield>
  <datafield tag="040" ind1=" " ind2=" ">
    <subfield code="a">AR-UNSa-BCEJYS</subfield>
    <subfield code="b">spa</subfield>
    <subfield code="c">AR-UNSa-BCEJYS</subfield>
  </datafield>
  <datafield tag="080" ind1=" " ind2=" ">
    <subfield code="a">330.101.542</subfield>
    <subfield code="x">Microeconom&#xED;a</subfield>
  </datafield>
  <datafield tag="245" ind1="1" ind2="0">
    <subfield code="a">Ejercicios de microeconom&#xED;a intermedia</subfield>
  </datafield>
  <datafield tag="020" ind1=" " ind2=" ">
    <subfield code="a">84-85855-85-X</subfield>
  </datafield>
  <datafield tag="250" ind1=" " ind2=" ">
    <subfield code="a">4a. ed.</subfield>
  </datafield>
  <datafield tag="264" ind1=" " ind2="1">
    <subfield code="a">Barcelona :</subfield>
    <subfield code="b">Antoni Bosch</subfield>
    <subfield code="c">1996</subfield>
  </datafield>
  <datafield tag="300" ind1=" " ind2=" ">
    <subfield code="a">viii, 433 p.</subfield>
    <subfield code="c">27 cm.</subfield>
  </datafield>
  <datafield tag="505" ind1=" " ind2=" ">
    <subfield code="a">1. El mercado &#x2013; 2. La restricci&#xF3;n presupuestaria &#x2013; 3. Las preferencias &#x2013; 4. La utilidad &#x2013; 5. La elecci&#xF3;n &#x2013; 6. La demanda &#x2013; 7. La preferencia revelada &#x2013; 8. La ecuaci&#xF3;n de Slutsky &#x2013; 9. La compra y la venta &#x2013; 10. La elecci&#xF3;n intertemporal &#x2013; 11. Los mercados de activo &#x2013; 12. La incertidumbre &#x2013; 13. Los activos inciertos &#x2013; 14. El excedente del consumidor &#x2013; 15. La demanda del mercado &#x2013; 16. El equilibrio &#x2013; 17. La tecnolog&#xED;a &#x2013; 18. La maximizaci&#xF3;n del beneficio &#x2013; 19. La minimizaci&#xF3;n de los costes &#x2013; 20. Las curvas de costes &#x2013; 21. La oferta de la empresa &#x2013; 22. La oferta de la industria &#x2013; 23. El monopolio &#x2013; 24. La conducta del monopolio &#x2013; 25. Los mercados de factores &#x2013; 26. El oligopolio &#x2013; 27. La teor&#xED;a de los juegos &#x2013; 28. El intercambio &#x2013; 29. La producci&#xF3;n &#x2013; 30. El bienestar &#x2013; 31. Las externalidades &#x2013; 32. Derecho y econom&#xED;a &#x2013; 33. La tecnolog&#xED;a de la informaci&#xF3;n &#x2013; 34. Los bienes p&#xFA;blicos &#x2013; 35. La informaci&#xF3;n.</subfield>
  </datafield>
  <datafield tag="041" ind1=" " ind2=" ">
    <subfield code="a">spa</subfield>
  </datafield>
  <datafield tag="942" ind1=" " ind2=" ">
    <subfield code="c">BK</subfield>
  </datafield>
  <datafield tag="590" ind1=" " ind2=" ">
    <subfield code="a">niveau_biblio:m niveau_hierar:0</subfield>
  </datafield>
  <datafield tag="100" ind1="1" ind2=" ">
    <subfield code="a">Bergstrom, Theodore C.</subfield>
  </datafield>
  <datafield tag="700" ind1="1" ind2=" ">
    <subfield code="a">Varian, Hal R.</subfield>
  </datafield>
  <datafield tag="700" ind1="1" ind2=" ">
    <subfield code="a">Fominaya, Marina</subfield>
  </datafield>
  <datafield tag="700" ind1="1" ind2=" ">
    <subfield code="a">Ley, Eduardo</subfield>
  </datafield>
  <datafield tag="700" ind1="1" ind2=" ">
    <subfield code="a">Rabasco, Mar&#xED;a Esther</subfield>
  </datafield>
  <datafield tag="700" ind1="1" ind2=" ">
    <subfield code="a">Toharia, Luis</subfield>
  </datafield>
  <datafield tag="856" ind1="4" ind2="1">
    <subfield code="u">https://www.biblioeco.unsa.edu.ar/pmb/images/libros/L128215.jpg</subfield>
    <subfield code="y">Imagen de portada</subfield>
    <subfield code="q">image/jpeg</subfield>
  </datafield>
  <datafield tag="999" ind1=" " ind2=" ">
    <subfield code="c">4905</subfield>
    <subfield code="d">4905</subfield>
  </datafield>
  <datafield tag="952" ind1=" " ind2=" ">
    <subfield code="0">0</subfield>
    <subfield code="1">0</subfield>
    <subfield code="4">0</subfield>
    <subfield code="7">0</subfield>
    <subfield code="a">BCEJYS</subfield>
    <subfield code="b">BCEJYS</subfield>
    <subfield code="c">16</subfield>
    <subfield code="d">2026-04-07</subfield>
    <subfield code="l">0</subfield>
    <subfield code="o">330.101.542 B493 4ed.</subfield>
    <subfield code="p">L128215</subfield>
    <subfield code="r">2026-04-07 15:57:59</subfield>
    <subfield code="w">2026-04-07</subfield>
    <subfield code="y">L</subfield>
  </datafield>
</record>
